Trick Questions - Statistics

General Stats
  • This quiz has been taken 1,289 times
  • The average score is 8 of 10
Answer Stats
Question Answer % Correct
What is the answer to this question? The Answer of the question
92%
Al fell from a 30-foot ladder but didn’t get hurt. How is that possible? He was on the bottom
91%
What six-letter word, if you take away one letter, it equals twelve? Dozens
87%
Some months have eight letters in their name, whereas others have five. How many have three? All
82%
Which word in the dictionary has an odd spelling? It must be odd
79%
What is the fourth letter in the alphabet? D
76%
Was the Milky Way invented in the Milky Way? True
74%
If seven adults can eat seven cupcakes in seven minutes, how long would it take 30 adults to eat 30 cupcakes? 7
72%
If there are 706 oranges in a bag, and you take away 15, how many oranges do you have? 15
65%
A man once said he went 35 days without sleep. How is that possible? Did you know there is something called NIGHT
63%
No matching quizzes found
Score Distribution
Percent of People with Each Score
Percentile by Number Answered
Your Score History
You have not taken this quiz